| 000 | 00404 a2200133 4500 | ||
|---|---|---|---|
| 001 | 92354 | ||
| 082 | _aPR 2561 | ||
| 090 |
_c44322 _d44323 |
||
| 100 | _aAwais Tufail , Prof Rao Sohail Ahmed (Advisor) | ||
| 245 |
_aDesign and Stress Analysis of engine installation and transportation dolly of RD-93 Engine _n79"A" EC |
||
| 260 |
_aIslamabad _bNUST _c2015 |
||
| 300 | _a68p. | ||
| 500 | _aBE Project Report | ||
| 942 |
_aCAE NUST _kPR 2561 |
||
| 999 |
_c327427 _d327427 |
||